Logo BPK

Biblioteka

Politechniki Koszalińskiej

Produkcja roślinna w województwie zachodniopomorskim w 2001 r. / (Rekord nr 35698)

Szczegóły MARC
000 -ETYKIETA REKORDU
podpole kontrolne o stałej długości 00799nam a2200229 i 4500
001 - NUMER KONTROLNY REKORDU
pole kontrolne bg
020 ## - MIĘDZYNARODOWY ZNORMALIZOWANY NUMER KSIĄŻKI - ISBN
ISBN 8388718134
040 ## - ŹRÓDŁO KATALOGOWANIA
Instytucja, która utworzyła rekord BPK
041 0# - KOD JĘZYKA
Kod języka tekstu pl
920 ## - Międzynarodowy znormalizowany numer książki – ISBN
ISBN 83-88718-13-4
008 - POLE O STAŁEJ DŁUGOŚCI - DANE KONTROLNE
podpole kontrolne o stałej długości s pl f |000 0 pol
245 10 - TYTUŁ/ODPOWIEDZIALNOŚĆ
Tytuł Produkcja roślinna w województwie zachodniopomorskim w 2001 r. /
Pozostałe elementy strefy tytułu i oznaczenia odpowiedzialności oprac. zesp. pod kier. Alfredy Gibowskiej.
260 ## - STREFA ADRESU WYDAWNICZEGO
Miejsce wydania Szczecin :
Nazwa wydawcy/dystrybutora US,
Data publikacji, dystrybucji/powstania dokumentu 2002.
300 ## - STREFA OPISU FIZYCZNEGO
Objętość 56 s. ;
Rozmiary 24 cm.
490 1# - STREFA SERII I DOKUMENTU WIELOCZĘŚCIOWEGO - FORMA NIE DO WYSZUKIWANIA
Tytuł i oznaczenie odpowiedzialności serii Informacje i Opracowania Statystyczne =
-- Urząd Statystyczny w Szczecinie
650 #9 - HASŁO PRZEDMIOTOWE W FORMIE NAZWY OGÓLNEJ LUB JEDNOSTKOWEJ
Nazwa ogólna lub geograficzna Rośliny uprawne
Określnik ogólny produkcja
Określnik geograficzny Polska
Określnik chronologiczny stan na 2001 r.
650 #9 - HASŁO PRZEDMIOTOWE W FORMIE NAZWY OGÓLNEJ LUB JEDNOSTKOWEJ
Nazwa ogólna lub geograficzna Produkcja
Określnik ogólny rolnictwo
Określnik geograficzny Polska
Określnik chronologiczny stan na 2001 r.
700 1# - HASŁO DODATKOWE - NAZWA OSOBOWA
Nazwa osobowa GIBOWSKA, Alfreda.
Określenie związku między hasłem a opisywanym materiałem Red.
710 #0 - HASŁO DODATKOWE - NAZWA CIAŁA ZBIOROWEGO
Nazwa ciała zbiorowego lub jednostki geograficznej Urząd Statystyczny (Szczecin)
830 #0 - HASŁO DODATKOWE SERII LUB DOKUMENTU WIELOCZĘŚCIOWEGO - TYTUŁ UJEDNOLICONY
Tytuł ujednolicony Informacje i Opracowania Statystyczne
856 ## - LOKALIZACJA I DOSTĘP DO ELEKTRONICZNYCH DOKUMENTÓW ZDALNYCH
Link (URL) http://koha.tu.koszalin.pl/cgi-bin/koha/opac-detail.pl?biblionumber=35698
Tekst linku Katalog online BPK
942 ## - DODATKOWE ELEMENTY (KOHA)
Typ dokumentu Książka
Egzemplarze
Wycofany Status egzemplarza Uszkodzony Dostępność Lokalizacja stała Lokalizacja bieżąca Miejsce przechowywania Sygnatura Kod kreskowy Dział Typ dokumentu
      Tylko na miejscu Biblioteka Politechniki Koszalińskiej Biblioteka Politechniki Koszalińskiej Czytelnia BG S 89 01906349 631/635 Uprawa i hodowla roślin Książka
© 2023 Biblioteka Politechniki Koszalińskiej :: KOHA